LEADER 01239nam--2200397---450- 001 990003387330203316 005 20100415100348.0 010 $a972-27-0874-0 035 $a000338733 035 $aUSA01000338733 035 $a(ALEPH)000338733USA01 035 $a000338733 100 $a20100415d1998----km-y0itay50------ba 101 $apor 102 $aPT 105 $a||||||||001yy 200 1 $aCartas entre Fernando Pessoa e os directores da presença$fediçao e estudo de Enrico Martines 210 $aLisboa$cImpr. Nac. - Casa da Moeda$d1998 215 $a450 p.$d25 cm 225 2 $aEdição crítica de Fernando Pessoa$iEstudos$v2 410 0$12001$aEdição crítica de Fernando Pessoa$iEstudos 454 1$12001 461 1$1001-------$12001 600 0 $aPessoa, Fernando$xCorrispondenza 676 $a821.134 700 1$aPESSOA,$bFernando$0329680 702 1$aMARTINES,$bEnrico 801 0$aIT$bsalbc$gISBD 912 $a990003387330203316 951 $aII.6.A.295$b9002 DSLL 959 $aBK 969 $aDSLL 979 $aDSLL$b90$c20100415$lUSA01$h0953 979 $aDSLL$b90$c20100415$lUSA01$h1003 996 $aCartas entre Fernando Pessoa e os directores da presença$91127278 997 $aUNISA LEADER 01275nam2-2200409li-450 001 990000108660203316 005 20180312154845.0 010 $a88-7708-000-0 035 $a0010866 035 $aUSA010010866 035 $a(ALEPH)000010866USA01 035 $a0010866 100 $a20001109d1985----km-y0itay0103----ba 101 0 $aita 102 $aIT 200 1 $aProgrammare in Logo$euna guida pratica per genitori, insegnanti e ragazzi$fdi Anna Moller$gtraduzione di T. Policastro 205 $a[1. ed. italiana 210 $aCinisello Balsamo$cJacopo Castelfranchi editore$dcopyr. 1985 215 $a209 p.$cill.$d21 cm 225 2 $aEdizioni JCE$v85 312 $aTrad. di: logo programming 410 0$10010010867$12001$aEdizioni JCE 610 1 $alinguaggio logo$aguide 676 $a001642$9. 700 1$aMoller,$bAnne$0745772 702 1$aPolicastro,$bT. 801 $aSistema bibliotecario di Ateneo dell' Università di Salerno$gRICA 912 $a990000108660203316 951 $a001.642 4 MOL$b0011132 959 $aBK 969 $aSCI 979 $c19900119 979 $c20001110$lUSA01$h1711 979 $c20020403$lUSA01$h1618 979 $aPATRY$b90$c20040406$lUSA01$h1608 996 $aProgrammare in Logo$91487658 997 $aUNISA